Statistics for Link's Companions

Click here to take the quiz!

General Stats

  • This quiz has been taken 12 times
    (5 since last reset)
  • The average score is 11 of 20

Answer Stats

GameAnswer% Correct
Many Games (Horse)Epona
100%
Ocarina of TimeNavi
100%
Breath of the Wild (by Amiibo)Wolf Link
100%
Tears of the KingdomYunobo
100%
Skyward SwordFi
80%
Twilight PrincessMidna
80%
Spirit TracksPrincess Zelda
80%
Tears of the KingdomRiju
80%
Tears of the KingdomSidon
80%
The Minish CapEzlo
60%
Tears of the KingdomMineru
60%
Majora's MaskTatl
60%
Tears of the KingdomTulin
60%
The Wind WakerThe King of Red Lions
40%
Phantom HourglassLinebeck
20%
Phantom HourglassCiela
0%
Skyward SwordCrimson Loftwing
0%
Oracle of Seasons/AgesDimitri
0%
Oracle of Seasons/AgesMoosh
0%
Oracle of Seasons/AgesRicky
0%

Score Distribution

Percentile by Number Answered

Percent of People with Each Score

Your Score History

You have not taken this quiz since the last reset